00442nam a22001337a 450000500170000000800410001702000180005804000130007608200240008910000220011324501280013526000340026330000110029720180407100319.0180407b xxu||||| |||| 00| 0 eng d a9781784539269 cPK-LaUMT a956.10153092bOZG-W aOzgules, Muzaffer aThe women who built the Ottoman world :bfemale patronage and the architectural legacy of Gulnus Sultan /cMuzaffer Ozgules aLondon :bI. B. Tauris,c2017 a325 p.